| 000 | 00883nam a2200217 a 4500 | ||
|---|---|---|---|
| 003 | 0 | ||
| 005 | 20250402103842.0 | ||
| 008 | 050809s19uu xx 00 eng d | ||
| 050 |
_aPGS TH 9148.7 _b.Sm642 2005 |
||
| 100 | _aSmith, Benjamin P.B. | ||
| 245 |
_aAwareness on fire prevention practices among selected residents of BF North West Village, Parañaque City / _cBenjamin P.B. Smith. |
||
| 260 |
_aLas Piñas City, Philippines : _bSouthville International School and Colleges, _c2005. |
||
| 300 |
_a29 pages : _billustrations ; _c28 cm. |
||
| 504 | _aIncludes bibliographical references. | ||
| 650 |
_aFire prevention _vPublic awareness. |
||
| 650 |
_aFire prevention _vEducation. |
||
| 650 |
_aFire prevention _vSafety measures. |
||
| 650 |
_aCommunity fire prevention _zPhilippines _zParañaque City. |
||
| 650 |
_aEmergency preparedness _vFire safety. |
||
| 942 |
_2lcc _cPASS |
||
| 999 |
_c97425 _d97425 |
||